Estadísticas para De que país son estos equipos?

Haz click aquí para intentar la prueba.

Estadísticas generales

  • Esta prueba ha sido intentada 75 veces
  • La puntuación promedio es 9 de 15

Respuestas en el mapa

Las respuestas están codificadas por una escala verde-roja en el mapa de la prueba según el % correcto abajo.
 

Estadísticas de respuestas

Respuesta% Correcto
Malmö FF
87%
CSKA Sofía
71%
PAOK
67%
Lech Poznań
65%
Hajduk Split
63%
RB Salzburgo
63%
FC Vizela
62%
KRC Genk
60%
Rosemborg
60%
Estrasburgo Alscë
58%
Red Star
58%
Bohemian FC
52%
St. Pauli
48%
MK Dons
46%
FC Südtirol
42%

Distribución de puntuación

Porcentaje por número respondido

Porcentaje de gente con cada puntuación

Historial de tus puntuaciones

No has intentado esta prueba.